000 00404cam a2200145ua 4500
020 _a8176563757
082 _a005.133
_bCHA/DA
100 _aChattopadhyay, Samiran .
_9683
100 _aDastidar, Debabrata Ghosh
_9684
100 _aChattopadhyay,Matangini
_9685
245 _aData Structures Through 'C' Language
260 _aNew Delhi :
_bB P B Publishers ,
_c2010
300 _a494 ;
942 _cBK
999 _c13295
_d13295